5HLuxD.jpg

KING HENRY VIII SENIOR AND PRIMARY SCHOOL LIBRARY OPAC

Life in the Stone Age / (Record no. 1490)

000 -LEADER
fixed length control field 01671cam a2200385 i 4500
001 - CONTROL NUMBER
control field 20467709
003 - CONTROL NUMBER IDENTIFIER
control field OSt
005 - DATE AND TIME OF LATEST TRANSACTION
control field 20221230155131.0
008 - FIXED-LENGTH DATA ELEMENTS--GENERAL INFORMATION
fixed length control field 180424t20182018nyua j 001 0 eng d
010 ## - LIBRARY OF CONGRESS CONTROL NUMBER
LC control number 2018286104
020 ## - INTERNATIONAL STANDARD BOOK NUMBER
International Standard Book Number 9781465468451 (paperback)
035 ## - SYSTEM CONTROL NUMBER
System control number (OCoLC)ocn983388926
040 ## - CATALOGING SOURCE
Original cataloging agency YDX
Language of cataloging eng
Transcribing agency YDX
Description conventions rda
Modifying agency CHILD
-- BDX
-- ZQP
-- UAP
-- IUK
-- IGA
-- NZHPC
-- EHH
-- TXLBH
-- IEP
-- KYC
-- OCLCF
-- FLWMD
-- OCLCQ
-- OCLCO
-- DLC
-- KH8
042 ## - AUTHENTICATION CODE
Authentication code lccopycat
082 ## - DEWEY DECIMAL CLASSIFICATION NUMBER
Classification number 930 LOC
100 1# - MAIN ENTRY--PERSONAL NAME
Personal name Lock, Deborah,
Relator term author.
245 10 - TITLE STATEMENT
Title Life in the Stone Age /
Statement of responsibility, etc. by Deborah Lock.
250 ## - EDITION STATEMENT
Edition statement First American edition.
264 #1 - PRODUCTION, PUBLICATION, DISTRIBUTION, MANUFACTURE, AND COPYRIGHT NOTICE
Place of production, publication, distribution, manufacture New York :
Name of producer, publisher, distributor, manufacturer DK Publishing,
Date of production, publication, distribution, manufacture, or copyright notice 2018.
264 #4 - PRODUCTION, PUBLICATION, DISTRIBUTION, MANUFACTURE, AND COPYRIGHT NOTICE
Date of production, publication, distribution, manufacture, or copyright notice ©2018
300 ## - PHYSICAL DESCRIPTION
Extent 48 pages :
Other physical details color illustrations ;
Dimensions 24 cm.
336 ## - CONTENT TYPE
Content type term text
Content type code txt
Source rdacontent
337 ## - MEDIA TYPE
Media type term unmediated
Media type code n
Source rdamedia
338 ## - CARRIER TYPE
Carrier type term volume
Carrier type code nc
Source rdacarrier
490 0# - SERIES STATEMENT
Series statement DK. Level 2, beginning to read
500 ## - GENERAL NOTE
General note Includes index.
505 0# - FORMATTED CONTENTS NOTE
Formatted contents note The Stone Age -- Setting Up Camp -- Stone Age House -- On the Hunt -- Stone Age Tools -- Into the Forest -- Making Rope -- Celebrations -- What Came Next?
520 ## - SUMMARY, ETC.
Summary, etc. Discover what life was like--from where people lived, how and what they hunted, how plants were used, art, medicine, and spiritual rituals. From camps to cave paintings to megaliths, discover the Stone Age.
650 #0 - SUBJECT ADDED ENTRY--TOPICAL TERM
Topical term or geographic name entry element Prehistoric peoples
Form subdivision Juvenile literature.
650 #0 - SUBJECT ADDED ENTRY--TOPICAL TERM
Topical term or geographic name entry element Stone age
Form subdivision Juvenile literature.
650 #1 - SUBJECT ADDED ENTRY--TOPICAL TERM
Topical term or geographic name entry element Stone age
Form subdivision Juvenile literature.
906 ## - LOCAL DATA ELEMENT F, LDF (RLIN)
a 7
b cbc
c copycat
d 2
e ncip
f 20
g y-gencatlg
942 ## - ADDED ENTRY ELEMENTS (KOHA)
Source of classification or shelving scheme
Koha item type Books - Non Ficton
Holdings
Withdrawn status Lost status Source of classification or shelving scheme Damaged status Not for loan Collection code Permanent Location Current Location Shelving location Date acquired Total Checkouts Full call number Barcode Date last seen Date last checked out Price effective from Koha item type
          Non-Fiction KH8 Primary School Library KH8 Primary School Library Non Fiction 2022-12-30 6 930 LOC KHPL000003270 2025-12-05 2025-09-24 2022-12-30 Books - Non Ficton

Powered By KH8 IT Dept